| 000 | 00713nam a22002417a 4500 | ||
|---|---|---|---|
| 999 |
_c457 _d457 |
||
| 005 | 20190815100241.0 | ||
| 008 | 190815b ||||| |||| 00| 0 eng d | ||
| 020 | _a9781471839184 | ||
| 040 | _cKH8 | ||
| 082 | _a951 LYN | ||
| 100 |
_aLynch, Michael _d1946- |
||
| 245 |
_aChina, 1839-1997 / _cMichael Lynch. |
||
| 250 | _a3rd ed. | ||
| 260 |
_aLondon : _bHodder Education, _c2016. |
||
| 300 |
_a322 p. ; _bill. : _c25 cm. |
||
| 440 | _aAccess to history | ||
| 546 | _aEnglish | ||
| 650 | _2 HISTORY / Europe / Russia & the Former Soviet Union; | ||
| 650 | _2Educational: History; | ||
| 650 | _2China -- History -- 19th century; | ||
| 650 | _2China -- History -- 20th century; | ||
| 942 |
_2ddc _cNFIC |
||